000 01108cam a2200301 a 4500
001 1617463
003 ARRUPE
005 20131206135220.0
008 950922s1995 nyu 000 0aeng
010 _a 95044084
020 _a0345397452
040 _aDLC
_cDLC
_dDLC
043 _aa-ii---
050 0 0 _aBX4406.5.Z8
_bA3 1995
100 0 _aVardey, Lucinda.
_cMother Teresa
_d1910-1997.
_95325
245 1 2 _aMother Teresa /
_ccompiled by Lucinda Vardey.
_bA simple path
250 _a1st American ed.
260 _aNew York :
_bBallantine Books,
_c1995.
300 _axxxviii, 202 p. ;
_c21 cm.
600 0 0 _aTeresa,
_cMother,
_d1910-1997.
_95326
610 2 0 _aMissionaries of Charity
_vBiography.
_95327
650 0 _aNuns
_zIndia
_zKolkata
_vBiography.
_95328
700 1 _aVardey, Lucinda.
_95329
856 4 2 _3Publisher description
_uhttp://www.loc.gov/catdir/description/random0412/95044084.html
906 _a7
_bcbc
_corignew
_d1
_eocip
_f19
_gy-gencatlg
942 _2lcc
_cMONOGRAPH
999 _c119133
_d119133